MARC

Tag First Indicator Second Indicator Subfields
LEADER 00000cas a2200000 4500
001 in00000074864
005 20151008054815.0
008 770207d19731997nyuar1 1uuua0eng d
010 |a  79640910  
022 0 |a 0190-5848 
035 |a (OCoLC)02723744 
035 |9 AAJ1738AM 
037 |b Institute of Electrical and Electronics Engineers, 345 E. 47th St., New York, N.Y., 10017 
040 |a CWR  |c CWR  |d DLC  |d NSD  |d DLC  |d m.c.  |d NSD  |d OCL  |d TXA  |d UtOrBLW 
042 |a lc  |a nsdp 
049 |a TXAE 
050 0 0 |a T62  |b .F76a 
082 0 |a 620/.007/11 
111 2 |a Frontiers in Education Conference. 
222 0 |a Proceedings - Frontiers in Education Conference 
245 1 0 |a Proceedings. 
264 1 |a New York, N.Y. :  |b Institute of Electrical and Electronics Engineers,  |c 1973-1997. 
300 |a 25 volumes :  |b illustrations ;  |c 28 cm. 
310 |a Annual 
336 |a text  |b txt  |2 rdacontent 
337 |a unmediated  |b n  |2 rdamedia 
338 |a volume  |b nc  |2 rdacarrier 
362 0 |a 3rd (Apr. 9-11, 1973)-27th (Nov. 5-8, 1997). 
500 |a Description based on: 1980 edition. 
515 |a Conference for 1974 lacks numbering but constitutes the 4th. 
550 |a Conference for 1974 called: International Conference on Frontiers in Education. 
550 |a Sponsored by the IEEE Education Society (under its earlier name: Education Group, Institute of Electrical and Electronics Engineers, 1973-<1975>, the Educational Research and Methods Division, American Society for Engineering Education, and other organizations 
650 0 |a Engineering  |x Study and teaching  |v Congresses. 
710 2 |a IEEE Education Society. 
710 2 |a IEEE Education Group. 
710 2 |a American Society for Engineering Education.  |b Educational Research and Methods Division. 
711 2 |a International Conference on Frontiers in Education. 
780 0 0 |a IEEE Conference on Frontiers in Education  |t Proceedings of the Conference on Frontiers in Education  |x 0190-583X  |w (DLC) 79640911  |w (OCoLC)4937397 
785 0 0 |a Frontiers in Education Conference.  |t Conference proceedings  |w (DLC)sn 99038399  |w (OCoLC)41145994 
949 |a updated  |b h  |c 2001/1/31  |e coplinger  |f 12:58:30 pm 
999 |a MARS 
999 f f |s 4b1de87b-3315-37c2-aa96-42b4b5b4b15c  |i 49f0f154-4e68-3fa6-922b-9d3ac3f17116  |t 0 
952 f f |p ric  |a Texas A&M University  |b Rellis Campus  |c Joint Library Facility  |d Remote Storage  |t 0  |e T62 .F76a  |h Library of Congress classification  |i unmediated -- volume  |k 25th:v.2  |l 1995  |m A14819474166 
952 f f |p ric  |a Texas A&M University  |b Rellis Campus  |c Joint Library Facility  |d Remote Storage  |t 0  |e T62 .F76a  |h Library of Congress classification  |i unmediated -- volume  |k 20th  |l 1990  |m A14818574670 
952 f f |p ric  |a Texas A&M University  |b Rellis Campus  |c Joint Library Facility  |d Remote Storage  |t 0  |e T62 .F76a  |h Library of Congress classification  |i unmediated -- volume  |k 10th  |l 1980  |m A14807935172 
952 f f |p ric  |a Texas A&M University  |b Rellis Campus  |c Joint Library Facility  |d Remote Storage  |t 0  |e T62 .F76a  |h Library of Congress classification  |i unmediated -- volume  |k 27th:v.1  |l 1997  |m A14822054357 
952 f f |p ric  |a Texas A&M University  |b Rellis Campus  |c Joint Library Facility  |d Remote Storage  |t 0  |e T62 .F76a  |h Library of Congress classification  |i unmediated -- volume  |k 9th  |l 1979  |m A14810008984 
952 f f |p ric  |a Texas A&M University  |b Rellis Campus  |c Joint Library Facility  |d Remote Storage  |t 0  |e T62 .F76a  |h Library of Congress classification  |i unmediated -- volume  |k 7th  |l 1977  |m A14805273003 
952 f f |p ric  |a Texas A&M University  |b Rellis Campus  |c Joint Library Facility  |d Remote Storage  |t 0  |e T62 .F76a  |h Library of Congress classification  |i unmediated -- volume  |k 18th  |l 1988  |m A14811299376 
952 f f |p ric  |a Texas A&M University  |b Rellis Campus  |c Joint Library Facility  |d Remote Storage  |t 0  |e T62 .F76a  |h Library of Congress classification  |i unmediated -- volume  |k 13th  |l 1983  |m A14807564337 
952 f f |p ric  |a Texas A&M University  |b Rellis Campus  |c Joint Library Facility  |d Remote Storage  |t 0  |e T62 .F76a  |h Library of Congress classification  |i unmediated -- volume  |k 3rd  |l 1973  |m A14805272968 
952 f f |p ric  |a Texas A&M University  |b Rellis Campus  |c Joint Library Facility  |d Remote Storage  |t 0  |e T62 .F76a  |h Library of Congress classification  |i unmediated -- volume  |k 19th  |l 1989  |m A14812301736 
952 f f |p ric  |a Texas A&M University  |b Rellis Campus  |c Joint Library Facility  |d Remote Storage  |t 0  |e T62 .F76a  |h Library of Congress classification  |i unmediated -- volume  |k 24th  |l 1994  |m A14818962946 
952 f f |p ric  |a Texas A&M University  |b Rellis Campus  |c Joint Library Facility  |d Remote Storage  |t 0  |e T62 .F76a  |h Library of Congress classification  |i unmediated -- volume  |k 26th:v.2  |l 1996  |m A14820483932 
952 f f |p ric  |a Texas A&M University  |b Rellis Campus  |c Joint Library Facility  |d Remote Storage  |t 0  |e T62 .F76a  |h Library of Congress classification  |i unmediated -- volume  |l 1974  |m A14805273045 
952 f f |p ric  |a Texas A&M University  |b Rellis Campus  |c Joint Library Facility  |d Remote Storage  |t 0  |e T62 .F76a  |h Library of Congress classification  |i unmediated -- volume  |k 5th  |l 1975  |m A14805272976 
952 f f |p normal  |a Texas A&M University  |b College Station  |c Sterling C. Evans Library  |d Evans: Library Stacks  |t 0  |e T62 .F76a  |h Library of Congress classification  |i unmediated -- volume  |k 14th  |l 1984  |m A14808234448 
952 f f |p ric  |a Texas A&M University  |b Rellis Campus  |c Joint Library Facility  |d Remote Storage  |t 0  |e T62 .F76a  |h Library of Congress classification  |i unmediated -- volume  |k 27th:v.2  |l 1997  |m A14822054404 
952 f f |p ric  |a Texas A&M University  |b Rellis Campus  |c Joint Library Facility  |d Remote Storage  |t 0  |e T62 .F76a  |h Library of Congress classification  |i unmediated -- volume  |k 6th  |l 1976  |m A14805272992 
952 f f |p ric  |a Texas A&M University  |b Rellis Campus  |c Joint Library Facility  |d Remote Storage  |t 0  |e T62 .F76a  |h Library of Congress classification  |i unmediated -- volume  |k 25th:v.1  |l 1995  |m A14819474116 
952 f f |p ric  |a Texas A&M University  |b Rellis Campus  |c Joint Library Facility  |d Remote Storage  |t 0  |e T62 .F76a  |h Library of Congress classification  |i unmediated -- volume  |k 27th:v.3  |l 1997  |m A14822054454 
952 f f |p ric  |a Texas A&M University  |b Rellis Campus  |c Joint Library Facility  |d Remote Storage  |t 0  |e T62 .F76a  |h Library of Congress classification  |i unmediated -- volume  |k 23rd  |l 1993  |m A14817643060 
952 f f |p ric  |a Texas A&M University  |b Rellis Campus  |c Joint Library Facility  |d Remote Storage  |t 0  |e T62 .F76a  |h Library of Congress classification  |i unmediated -- volume  |k 11th  |l 1981  |m A14808120437 
952 f f |p ric  |a Texas A&M University  |b Rellis Campus  |c Joint Library Facility  |d Remote Storage  |t 0  |e T62 .F76a  |h Library of Congress classification  |i unmediated -- volume  |k 15th  |l 1985  |m A14809213893 
952 f f |p ric  |a Texas A&M University  |b Rellis Campus  |c Joint Library Facility  |d Remote Storage  |t 0  |e T62 .F76a  |h Library of Congress classification  |i unmediated -- volume  |k 14th  |l 1984  |m A14808234147 
952 f f |p ric  |a Texas A&M University  |b Rellis Campus  |c Joint Library Facility  |d Remote Storage  |t 0  |e T62 .F76a  |h Library of Congress classification  |i unmediated -- volume  |k 26th:v.3  |l 1996  |m A14820483982 
952 f f |p ric  |a Texas A&M University  |b Rellis Campus  |c Joint Library Facility  |d Remote Storage  |t 0  |e T62 .F76a  |h Library of Congress classification  |i unmediated -- volume  |k 21st  |l 1991  |m A14815374788 
952 f f |p ric  |a Texas A&M University  |b Rellis Campus  |c Joint Library Facility  |d Remote Storage  |t 0  |e T62 .F76a  |h Library of Congress classification  |i unmediated -- volume  |k 12th  |l 1982  |m A14806471086 
952 f f |p ric  |a Texas A&M University  |b Rellis Campus  |c Joint Library Facility  |d Remote Storage  |t 0  |e T62 .F76a  |h Library of Congress classification  |i unmediated -- volume  |k 8th  |l 1978  |m A14805273011 
952 f f |p ric  |a Texas A&M University  |b Rellis Campus  |c Joint Library Facility  |d Remote Storage  |t 0  |e T62 .F76a  |h Library of Congress classification  |i unmediated -- volume  |k 17th:v.1  |l 1987  |m A14811241438 
952 f f |p ric  |a Texas A&M University  |b Rellis Campus  |c Joint Library Facility  |d Remote Storage  |t 0  |e T62 .F76a  |h Library of Congress classification  |i unmediated -- volume  |k 26th:v.1  |l 1996  |m A14820483885 
952 f f |p ric  |a Texas A&M University  |b Rellis Campus  |c Joint Library Facility  |d Remote Storage  |t 0  |e T62 .F76a  |h Library of Congress classification  |i unmediated -- volume  |k 17th:v.2  |l 1987  |m A14811241446 
952 f f |p ric  |a Texas A&M University  |b Rellis Campus  |c Joint Library Facility  |d Remote Storage  |t 0  |e T62 .F76a  |h Library of Congress classification  |i unmediated -- volume  |k 16th  |l 1986  |m A14809842579 
952 f f |p ric  |a Texas A&M University  |b Rellis Campus  |c Joint Library Facility  |d Remote Storage  |t 0  |e T62 .F76a  |h Library of Congress classification  |i unmediated -- volume  |k 22nd  |l 1992  |m A14816767471 
998 f f |a T62 .F76a  |s 3rd-27th (1973-1997)  |t 0  |l Remote Storage